Normal view MARC view
  • Ahmed, Javed

Entry Personal Name

Number of records used in: 1

001 - CONTROL NUMBER

  • control field: 133110

003 - CONTROL NUMBER IDENTIFIER

  • control field: NUST

005 - DATE AND TIME OF LATEST TRANSACTION

  • control field: 20260206182453.0

008 - FIXED-LENGTH DATA ELEMENTS

  • fixed length control field: 260206|| aca||aabn | a|a d

040 ## - CATALOGING SOURCE

  • Original cataloging agency: NUST
  • Transcribing agency: NUST

100 ## - HEADING--PERSONAL NAME

  • Personal name: Ahmed, Javed

670 ## - SOURCE DATA FOUND

  • Source citation: Work cat.: (NUST)181755: Ahmed, Javed, Adaptive Edge-Enhanced Correlation Based Robust and Real-Time Visual Tracking Frameworks and Its Deployment in Machine Vision Systems /, 2008
© 2023 Central Library, National University of Sciences and Technology. All Rights Reserved.